| 000 | 00509nam a2200229Ia 4500 | ||
|---|---|---|---|
| 003 | 0100 | ||
| 008 | 130307s9999 xx 000 0 und d | ||
| 020 | _a0205105815 | ||
| 040 | _cARRUPELIB | ||
| 050 | _aBF311.S653 1988 | ||
| 100 | _aSolso, Robert L | ||
| 245 | _aCognitive psychology | ||
| 250 | _a2nd ed. | ||
| 260 | _aBoston | ||
| 260 | _bAllyn & Bacon, Inc. | ||
| 260 | _c1988 | ||
| 300 | _axiii | ||
| 300 | _b546p. 24cm. | ||
| 650 | _aPSYCHOLOGY | ||
| 650 | _bDeconstruction | ||
| 942 | 0 | 0 | _02 |
| 999 |
_c95884 _d95884 |
||